000 00346nam a2200157Ia 4500
100 _aBeatty/Millard F
650 _aMechanics
490 _v1
942 _cBK
245 _aPrinciples of Engineering Mechanics-Kinematics
260 _bSpringer
_c1985
082 _a620.1
_bBEA
300 _a396
546 _aENGLISH
_cInfo.Tech
999 _c33677
_d33677